Balance preliminar de la economía de América Latina y el Caribe, 1990.
Predbežné výsledky ekonomického vývoja krajín Latinskej Ameriky za r. 1990 v porovnaní s 80. rokmi - tempo rastu hlavných ekonomických ukazovateľov. Základné tendencie ekonomického vývoja - výroba, zamestnanosť, inflácia a mzdy. Vonkajší sektor. Vplyv vojny v Perzskom zálive na obchodnú bilanciu kra...
Salvato in:
| Autore principale: | |
|---|---|
| Natura: | Capitolo di libro |
| Lingua: | spagnolo |
| Soggetti: | |
| Tags: |
Nessun Tag, puoi essere il primo ad aggiungerne!!
|
MARC
| LEADER | 00000naa a2200000 4500 | ||
|---|---|---|---|
| 001 | r003442 | ||
| 005 | 20221130102702.7 | ||
| 041 | 0 | |a spa | |
| 044 | |a MX | ||
| 245 | 1 | 0 | |a Balance preliminar de la economía de América Latina y el Caribe, 1990. |c G. Rosenthal |
| 520 | |a Predbežné výsledky ekonomického vývoja krajín Latinskej Ameriky za r. 1990 v porovnaní s 80. rokmi - tempo rastu hlavných ekonomických ukazovateľov. Základné tendencie ekonomického vývoja - výroba, zamestnanosť, inflácia a mzdy. Vonkajší sektor. Vplyv vojny v Perzskom zálive na obchodnú bilanciu krajín LA. Rast zahraničného dlhu - rokovania o vyrovnaní zahraničného zadlženia. | ||
| 610 | 2 | 0 | |a rozvoj hospodársky |
| 610 | 2 | 0 | |a Latinská Amerika |
| 610 | 2 | 0 | |a 1990 |
| 610 | 2 | 0 | |a údaje štatistické |
| 610 | 2 | 0 | |a tempo rastu hospodárskeho |
| 610 | 2 | 0 | |a vojny |
| 610 | 2 | 0 | |a Blízky východ |
| 610 | 2 | 0 | |a zadlženosť zahraničná |
| 610 | 2 | 0 | |a ukazovatele ekonomické |
| 100 | 1 | |a Rosenthal, G. | |